[Event "2023 Welsh Championship"]
[Site "Cardiff"]
[Date "2023.04.09"]
[Round "5"]
[Board "2"]
[White "Fathallah, Joe"]
[Black "Toczek, Grzegorz"]
[Result "0-1"]
[WhiteElo "1980"]
[BlackElo "2260"]
[PlyCount "0"]
[EventDate "2023.04.07"]
[EventRounds "7"]
[EventCountry "WLS"]

1. d4 {[%clk 01:30:57]} {[%emt 00:00:02]} d5 {[%clk 01:29:04]} {[%emt
00:01:56]} 2. c4 {[%clk 01:31:01]} {[%emt 00:00:26]} e6 {[%clk 01:29:27]}
{[%emt 00:00:06]} 3. cxd5 {[%clk 01:29:16]} {[%emt 00:02:16]} exd5 {[%clk
01:29:17]} {[%emt 00:00:39]} 4. Nc3 {[%clk 01:29:42]} {[%emt 00:00:05]} c5
{[%clk 01:28:25]} {[%emt 00:01:22]} 5. Nf3 {[%clk 01:28:31]} {[%emt 00:01:41]}
Nc6 {[%clk 01:28:35]} {[%emt 00:00:20]} 6. g3 {[%clk 01:27:17]} {[%emt
00:01:44]} Nf6 {[%clk 01:28:57]} {[%emt 00:00:08]} 7. Bg2 {[%clk 01:27:17]}
{[%emt 00:00:29]} Be7 {[%clk 01:28:58]} {[%emt 00:00:28]} 8. O-O {[%clk
01:27:19]} {[%emt 00:00:29]} O-O {[%clk 01:29:20]} {[%emt 00:00:08]} 9. b3
{[%clk 01:17:53]} {[%emt 00:09:56]} Qa5 {[%clk 01:12:07]} {[%emt 00:17:42]} 10.
Bb2 {[%clk 01:15:51]} {[%emt 00:02:33]} Rd8 {[%clk 01:08:35]} {[%emt 00:04:01]}
11. Qd2 {[%clk 01:01:48]} {[%emt 00:14:34]} Be6 {[%clk 00:48:25]} {[%emt
00:20:40]} 12. Rfd1 {[%clk 00:56:26]} {[%emt 00:05:52]} Rac8 {[%clk 00:43:04]}
{[%emt 00:05:51]} 13. Rac1 {[%clk 00:53:34]} {[%emt 00:03:22]} b5 {[%clk
00:39:30]} {[%emt 00:04:04]} 14. Ne5 {[%clk 00:46:18]} {[%emt 00:07:46]} b4
{[%clk 00:35:10]} {[%emt 00:04:50]} 15. Nxc6 {[%clk 00:28:00]} {[%emt
00:18:48]} Rxc6 {[%clk 00:35:29]} {[%emt 00:00:11]} 16. dxc5 {[%clk 00:26:53]}
{[%emt 00:01:37]} bxc3 {[%clk 00:34:18]} {[%emt 00:01:41]} 17. Bxc3 {[%clk
00:27:18]} {[%emt 00:00:05]} Qb5 {[%clk 00:30:03]} {[%emt 00:04:44]} 18. b4
{[%clk 00:26:38]} {[%emt 00:01:10]} Rcc8 {[%clk 00:26:53]} {[%emt 00:03:41]} 19.
Qd3 {[%clk 00:22:37]} {[%emt 00:04:31]} Qa4 {[%clk 00:21:17]} {[%emt 00:06:05]}
20. Bxf6 {[%clk 00:21:19]} {[%emt 00:01:48]} Bxf6 {[%clk 00:21:36]} {[%emt
00:00:11]} 21. b5 {[%clk 00:18:10]} {[%emt 00:03:39]} Qxa2 {[%clk 00:20:27]}
{[%emt 00:01:38]} 22. c6 {[%clk 00:17:58]} {[%emt 00:00:42]} Qa5 {[%clk
00:19:35]} {[%emt 00:01:21]} 23. e4 {[%clk 00:14:06]} {[%emt 00:04:23]} dxe4
{[%clk 00:18:28]} {[%emt 00:01:37]} 24. Qb1 {[%clk 00:14:01]} {[%emt 00:00:35]}
Rxd1+ {[%clk 00:17:01]} {[%emt 00:01:58]} 25. Rxd1 {[%clk 00:14:25]} {[%emt
00:00:06]} Bg4 {[%clk 00:12:39]} {[%emt 00:04:52]} 26. Rd5 {[%clk 00:14:01]}
{[%emt 00:00:54]} Bf3 {[%clk 00:12:16]} {[%emt 00:00:53]} 27. Bh3 {[%clk
00:14:14]} {[%emt 00:00:17]} Rb8 {[%clk 00:11:51]} {[%emt 00:00:55]} 28. Qc1
{[%clk 00:13:39]} {[%emt 00:01:05]} Rd8 {[%clk 00:03:39]} {[%emt 00:08:42]} 29.
c7 {[%clk 00:06:31]} {[%emt 00:07:38]} Rxd5 {[%clk 00:03:52]} {[%emt 00:00:17]}
30. c8=Q+ {[%clk 00:06:26]} {[%emt 00:00:35]} Rd8 {[%clk 00:04:15]} {[%emt
00:00:07]} 31. Q8c2 {[%clk 00:04:58]} {[%emt 00:01:58]} h6 {[%clk 00:03:05]}
{[%emt 00:01:40]} 32. Bf1 {[%clk 00:04:12]} {[%emt 00:01:16]} Bg5 {[%clk
00:03:21]} {[%emt 00:00:14]} 33. Q1b1 {[%clk 00:02:57]} {[%emt 00:01:45]} g6
{[%clk 00:02:12]} {[%emt 00:01:40]} 34. h4 {[%clk 00:02:43]} {[%emt 00:00:44]}
Bf6 {[%clk 00:02:18]} {[%emt 00:00:24]} 35. Bg2 {[%clk 00:02:33]} {[%emt
00:00:39]} Rd2 {[%clk 00:02:08]} {[%emt 00:00:41]} 36. Qc8+ {[%clk 00:02:27]}
{[%emt 00:00:36]} Rd8 {[%clk 00:02:01]} {[%emt 00:00:37]} 37. Qcc2 {[%clk
00:02:49]} {[%emt 00:00:08]} Rd2 {[%clk 00:02:28]} {[%emt 00:00:04]} 38. Qc8+
{[%clk 00:03:14]} {[%emt 00:00:04]} Kg7 {[%clk 00:02:24]} {[%emt 00:00:34]} 39.
Bxf3 {[%clk 00:02:10]} {[%emt 00:01:35]} exf3 {[%clk 00:02:30]} {[%emt
00:00:24]} 40. h5 {[%clk 00:01:05]} {[%emt 00:01:35]} Qb6 {[%clk 00:02:27]}
{[%emt 00:00:32]} 41. Qf1 {[%clk 00:29:29]} {[%emt 00:02:07]} Rxf2 {[%clk
00:29:33]} {[%emt 00:03:24]} 42. Qxf2 {[%clk 00:28:52]} {[%emt 00:01:07]} Bd4
{[%clk 00:29:58]} {[%emt 00:00:04]} 43. Qxd4+ {[%clk 00:28:53]} {[%emt
00:00:31]} Qxd4+ {[%clk 00:30:21]} {[%emt 00:00:06]} 44. Kh2 {[%clk 00:28:18]}
{[%emt 00:01:05]} gxh5 {[%clk 00:29:46]} {[%emt 00:01:05]} 45. Qc2 {[%clk
00:26:16]} {[%emt 00:02:32]} Qe5 {[%clk 00:29:34]} {[%emt 00:00:41]} 46. Kh3
{[%clk 00:25:02]} {[%emt 00:01:44]} Qe6+ {[%clk 00:29:46]} {[%emt 00:00:18]} 47.
Kh2 {[%clk 00:25:23]} {[%emt 00:00:09]} Qe2+ {[%clk 00:30:12]} {[%emt
00:00:04]}  0-1

[Event "2023 Welsh Championship"]
[Site "Cardiff"]
[Date "2023.04.09"]
[Round "5"]
[Board "3"]
[White "Fowler, Hugo"]
[Black "Blackburn, Jonathan L B"]
[Result "0-1"]
[WhiteElo "1890"]
[BlackElo "2162"]
[PlyCount "0"]
[EventDate "2023.04.07"]
[EventRounds "7"]
[EventCountry "WLS"]

1. e4 {[%clk 01:30:58]} e6 {[%clk 01:30:56]} {[%emt 00:00:05]} 2. d4 {[%clk
01:31:22]} {[%emt 00:00:06]} d5 {[%clk 01:31:21]} {[%emt 00:00:04]} 3. Nd2
{[%clk 01:31:39]} {[%emt 00:00:14]} a6 {[%clk 01:27:26]} {[%emt 00:04:25]} 4.
Ngf3 {[%clk 01:28:31]} {[%emt 00:03:37]} c5 {[%clk 01:23:07]} {[%emt 00:04:50]}
5. exd5 {[%clk 01:17:50]} {[%emt 00:11:11]} exd5 {[%clk 01:21:50]} {[%emt
00:01:46]} 6. dxc5 {[%clk 01:16:08]} {[%emt 00:02:13]} Bxc5 {[%clk 01:21:33]}
{[%emt 00:00:47]} 7. Nb3 {[%clk 01:14:53]} {[%emt 00:01:45]} Bb6 {[%clk
01:20:15]} {[%emt 00:01:49]} 8. Nbd4 {[%clk 01:10:44]} {[%emt 00:04:38]} Nf6
{[%clk 01:10:13]} {[%emt 00:10:32]} 9. Bd3 {[%clk 01:08:11]} {[%emt 00:03:03]}
O-O {[%clk 01:09:33]} {[%emt 00:01:10]} 10. O-O {[%clk 01:08:37]} {[%emt
00:00:04]} Nc6 {[%clk 01:03:42]} {[%emt 00:06:21]} 11. c3 {[%clk 01:07:16]}
{[%emt 00:01:51]} Bg4 {[%clk 00:57:45]} {[%emt 00:06:26]} 12. Nxc6 {[%clk
00:49:43]} {[%emt 00:18:03]} bxc6 {[%clk 00:58:06]} {[%emt 00:00:10]} 13. h3
{[%clk 00:48:45]} {[%emt 00:01:28]} Bh5 {[%clk 00:56:10]} {[%emt 00:02:26]} 14.
g4 {[%clk 00:37:23]} {[%emt 00:11:51]} Bg6 {[%clk 00:38:31]} {[%emt 00:18:10]}
15. Ne5 {[%clk 00:35:47]} {[%emt 00:02:06]} Bc7 {[%clk 00:36:41]} {[%emt
00:02:20]} 16. Bf4 {[%clk 00:30:50]} {[%emt 00:05:27]} Bxe5 {[%clk 00:35:30]}
{[%emt 00:01:41]} 17. Bxe5 {[%clk 00:30:59]} {[%emt 00:00:21]} Re8 {[%clk
00:34:32]} {[%emt 00:01:28]} 18. Bxf6 {[%clk 00:16:30]} {[%emt 00:14:59]} Qxf6
{[%clk 00:34:24]} {[%emt 00:00:38]} 19. Bxg6 {[%clk 00:16:39]} {[%emt
00:00:21]} Qxg6 {[%clk 00:30:06]} {[%emt 00:04:48]} 20. Re1 {[%clk 00:16:44]}
{[%emt 00:00:25]} Rxe1+ {[%clk 00:24:31]} {[%emt 00:06:06]} 21. Qxe1 {[%clk
00:17:12]} {[%emt 00:00:02]} f5 {[%clk 00:24:44]} {[%emt 00:00:17]} 22. Qb1
{[%clk 00:10:43]} {[%emt 00:06:59]} Rf8 {[%clk 00:22:51]} {[%emt 00:02:23]} 23.
Qd3 {[%clk 00:10:18]} {[%emt 00:00:54]} Qg5 {[%clk 00:16:28]} {[%emt 00:06:53]}
24. f3 {[%clk 00:03:36]} {[%emt 00:07:12]} h5 {[%clk 00:14:26]} {[%emt
00:02:32]} 25. Rf1 {[%clk 00:01:36]} {[%emt 00:02:30]} fxg4 {[%clk 00:11:48]}
{[%emt 00:03:08]} 26. fxg4 {[%clk 00:02:04]} {[%emt 00:00:02]} Rxf1+ {[%clk
00:10:55]} {[%emt 00:01:24]} 27. Qxf1 {[%clk 00:02:08]} {[%emt 00:00:26]} hxg4
{[%clk 00:11:00]} {[%emt 00:00:26]} 28. hxg4 {[%clk 00:02:17]} {[%emt
00:00:20]} Qxg4+ {[%clk 00:11:24]} {[%emt 00:00:06]} 29. Kh1 {[%clk 00:01:57]}
{[%emt 00:00:51]} Qh4+ {[%clk 00:11:39]} {[%emt 00:00:14]} 30. Kg1 {[%clk
00:01:55]} {[%emt 00:00:32]} Qg4+ {[%clk 00:11:46]} {[%emt 00:00:24]} 31. Kh1
{[%clk 00:01:51]} {[%emt 00:00:33]} Qe4+ {[%clk 00:12:09]} {[%emt 00:00:07]} 32.
Kg1 {[%clk 00:01:55]} {[%emt 00:00:27]} Qe3+ {[%clk 00:11:15]} {[%emt
00:01:24]} 33. Kh1 {[%clk 00:02:11]} {[%emt 00:00:14]} Qd2 {[%clk 00:08:41]}
{[%emt 00:03:04]} 34. Qb1 {[%clk 00:00:35]} {[%emt 00:02:06]} c5 {[%clk
00:06:44]} {[%emt 00:02:27]} 35. Qf5 {[%clk 00:00:40]} {[%emt 00:00:25]} Qc1+
{[%clk 00:06:33]} {[%emt 00:00:42]} 36. Kg2 {[%clk 00:00:47]} {[%emt 00:00:23]}
Qxb2+ {[%clk 00:06:53]} {[%emt 00:00:10]} 37. Kg1 {[%clk 00:00:35]} {[%emt
00:00:42]} Qc1+ {[%clk 00:06:22]} {[%emt 00:01:01]} 38. Kf2 {[%clk 00:00:32]}
{[%emt 00:00:33]} Qd2+ {[%clk 00:04:58]} {[%emt 00:01:53]} 39. Kf1 {[%clk
00:00:58]} {[%emt 00:00:04]} Qd1+ {[%clk 00:05:22]} {[%emt 00:00:06]} 40. Kf2
{[%clk 00:01:07]} {[%emt 00:00:21]} Qd2+ {[%clk 00:05:38]} {[%emt 00:00:13]} 41.
Kf1 {[%clk 00:01:19]} {[%emt 00:00:19]} c4 {[%clk 00:27:35]} {[%emt 00:08:34]}
42. Qe6+ {[%clk 00:26:45]} {[%emt 00:05:04]} Kh7 {[%clk 00:27:28]} {[%emt
00:00:36]} 43. Qh3+ {[%clk 00:16:08]} {[%emt 00:11:07]} Kg6 {[%clk 00:27:05]}
{[%emt 00:00:53]} 44. Qe6+ {[%clk 00:16:03]} {[%emt 00:00:34]} Kg5 {[%clk
00:27:18]} {[%emt 00:00:17]} 45. Qe7+ {[%clk 00:12:41]} {[%emt 00:03:53]} Kf5
{[%clk 00:24:59]} {[%emt 00:02:50]} 46. Qxg7 {[%clk 00:11:28]} {[%emt
00:01:42]} Qf4+ {[%clk 00:24:26]} {[%emt 00:01:02]} 47. Ke2 {[%clk 00:10:46]}
{[%emt 00:01:12]} Qe5+ {[%clk 00:24:52]} {[%emt 00:00:04]} 48. Qxe5+ {[%clk
00:11:04]} {[%emt 00:00:13]} Kxe5 {[%clk 00:25:20]} {[%emt 00:00:02]} 49. Ke3
{[%clk 00:11:26]} {[%emt 00:00:08]} a5 {[%clk 00:25:47]} {[%emt 00:00:03]} 50.
a4 {[%clk 00:11:26]} {[%emt 00:00:30]} Ke6 {[%clk 00:25:58]} {[%emt 00:00:18]}
51. Ke2 {[%clk 00:09:38]} {[%emt 00:02:18]} Kd6 {[%clk 00:26:12]} {[%emt
00:00:17]} 52. Kd2 {[%clk 00:07:58]} {[%emt 00:02:10]} Ke5 {[%clk 00:26:30]}
{[%emt 00:00:12]} 53. Ke3 {[%clk 00:07:30]} {[%emt 00:00:58]} d4+ {[%clk
00:26:47]} {[%emt 00:00:12]} 54. cxd4+ {[%clk 00:07:06]} {[%emt 00:00:54]} Kd5
{[%clk 00:27:15]} {[%emt 00:00:02]} 55. Ke2 {[%clk 00:05:39]} {[%emt 00:01:57]}
Kxd4 {[%clk 00:27:42]} {[%emt 00:00:03]} 56. Kd2 {[%clk 00:05:53]} {[%emt
00:00:16]} c3+ {[%clk 00:28:09]} {[%emt 00:00:03]} 57. Kc1 {[%clk 00:05:48]}
{[%emt 00:00:35]} Kc4 {[%clk 00:28:25]} {[%emt 00:00:14]} 58. Kc2 {[%clk
00:06:00]} {[%emt 00:00:19]} Kb4 {[%clk 00:28:53]} {[%emt 00:00:02]} 59. Kc1
{[%clk 00:06:13]} {[%emt 00:00:17]} Kxa4 {[%clk 00:29:18]} {[%emt 00:00:05]}
 0-1

[Event "2023 Welsh Championship"]
[Site "Cardiff"]
[Date "2023.04.09"]
[Round "5"]
[Board "4"]
[White "Everett, Elijah"]
[Black "Kett, Tim"]
[Result "0-1"]
[WhiteElo "2202"]
[BlackElo "2090"]
[PlyCount "0"]
[EventDate "2023.04.07"]
[EventRounds "7"]
[EventCountry "WLS"]

1. e4 {[%clk 01:30:56]} {[%emt 00:00:02]} e5 {[%clk 01:29:47]} {[%emt
00:01:13]} 2. Nf3 {[%clk 01:31:18]} {[%emt 00:00:09]} Nc6 {[%clk 01:30:15]}
{[%emt 00:00:03]} 3. Bb5 {[%clk 01:31:33]} {[%emt 00:00:14]} a6 {[%clk
01:30:40]} {[%emt 00:00:05]} 4. Ba4 {[%clk 01:31:55]} {[%emt 00:00:08]} Nf6
{[%clk 01:31:04]} {[%emt 00:00:05]} 5. O-O {[%clk 01:32:13]} {[%emt 00:00:11]}
Be7 {[%clk 01:31:26]} {[%emt 00:00:07]} 6. Re1 {[%clk 01:32:22]} {[%emt
00:00:22]} b5 {[%clk 01:31:45]} {[%emt 00:00:11]} 7. Bb3 {[%clk 01:32:44]}
{[%emt 00:00:09]} d6 {[%clk 01:32:07]} {[%emt 00:00:08]} 8. c3 {[%clk
01:32:52]} {[%emt 00:00:22]} O-O {[%clk 01:32:26]} {[%emt 00:00:10]} 9. h3
{[%clk 01:33:07]} {[%emt 00:00:15]} Na5 {[%clk 01:32:43]} {[%emt 00:00:13]} 10.
Bc2 {[%clk 01:33:18]} {[%emt 00:00:20]} c5 {[%clk 01:33:04]} {[%emt 00:00:08]}
11. d4 {[%clk 01:33:17]} {[%emt 00:00:31]} Nd7 {[%clk 01:33:19]} {[%emt
00:00:15]} 12. Nbd2 {[%clk 01:32:04]} {[%emt 00:01:43]} exd4 {[%clk 01:32:44]}
{[%emt 00:01:06]} 13. cxd4 {[%clk 01:32:25]} {[%emt 00:00:09]} Nc6 {[%clk
01:32:59]} {[%emt 00:00:15]} 14. d5 {[%clk 01:32:31]} {[%emt 00:00:24]} Nb4
{[%clk 01:29:21]} {[%emt 00:04:08]} 15. Bb1 {[%clk 01:30:34]} {[%emt 00:02:27]}
a5 {[%clk 01:28:36]} {[%emt 00:01:15]} 16. a3 {[%clk 01:28:36]} {[%emt
00:02:28]} Na6 {[%clk 01:28:59]} {[%emt 00:00:06]} 17. Nf1 {[%clk 01:27:47]}
{[%emt 00:01:20]} Nb6 {[%clk 01:23:19]} {[%emt 00:06:10]} 18. Ne3 {[%clk
01:19:05]} {[%emt 00:09:12]} Bf6 {[%clk 01:15:59]} {[%emt 00:07:49]} 19. g4
{[%clk 01:14:39]} {[%emt 00:04:57]} g6 {[%clk 00:58:04]} {[%emt 00:18:26]} 20.
Kg2 {[%clk 01:05:25]} {[%emt 00:09:43]} Bd7 {[%clk 00:54:46]} {[%emt 00:03:48]}
21. Rh1 {[%clk 01:01:01]} {[%emt 00:04:53]} c4 {[%clk 00:54:27]} {[%emt
00:00:50]} 22. h4 {[%clk 00:57:14]} {[%emt 00:04:17]} Nc5 {[%clk 00:54:31]}
{[%emt 00:00:26]} 23. Bc2 {[%clk 00:53:07]} {[%emt 00:04:36]} Qe7 {[%clk
00:48:06]} {[%emt 00:06:56]} 24. Nd2 {[%clk 00:47:57]} {[%emt 00:05:39]} Nba4
{[%clk 00:44:23]} {[%emt 00:04:13]}  0-1

[Event "2023 Welsh Championship"]
[Site "Cardiff"]
[Date "2023.04.09"]
[Round "5"]
[Board "5"]
[White "Pleasants, Allan J"]
[Black "Davis, Lee"]
[Result "1/2-1/2"]
[WhiteElo "1975"]
[BlackElo "1906"]
[PlyCount "0"]
[EventDate "2023.04.07"]
[EventRounds "7"]
[EventCountry "WLS"]

1. Nf3 {[%clk 01:30:54]} {[%emt 00:00:05]} Nf6 {[%clk 01:30:49]} {[%emt
00:00:11]} 2. g3 {[%clk 01:31:19]} {[%emt 00:00:06]} c5 {[%clk 01:31:02]}
{[%emt 00:00:17]} 3. Bg2 {[%clk 01:31:10]} {[%emt 00:00:39]} g6 {[%clk
01:31:23]} {[%emt 00:00:09]} 4. O-O {[%clk 01:31:06]} {[%emt 00:00:34]} Bg7
{[%clk 01:31:50]} {[%emt 00:00:04]} 5. c4 {[%clk 01:30:11]} {[%emt 00:01:25]}
Nc6 {[%clk 01:32:12]} {[%emt 00:00:08]} 6. Nc3 {[%clk 01:30:10]} {[%emt
00:00:32]} O-O {[%clk 01:32:37]} {[%emt 00:00:05]} 7. d4 {[%clk 01:29:02]}
{[%emt 00:01:38]} cxd4 {[%clk 01:30:50]} {[%emt 00:02:17]} 8. Nxd4 {[%clk
01:29:02]} {[%emt 00:00:29]} Nxd4 {[%clk 01:31:06]} {[%emt 00:00:14]} 9. Qxd4
{[%clk 01:29:24]} {[%emt 00:00:08]} d6 {[%clk 01:31:25]} {[%emt 00:00:11]} 10.
Qd2 {[%clk 01:23:43]} {[%emt 00:06:10]} Rb8 {[%clk 01:24:03]} {[%emt 00:07:53]}
11. b3 {[%clk 01:12:36]} {[%emt 00:11:37]} Be6 {[%clk 01:21:29]} {[%emt
00:03:04]} 12. Bb2 {[%clk 01:10:16]} {[%emt 00:02:50]} a6 {[%clk 01:20:50]}
{[%emt 00:01:09]} 13. a4 {[%clk 01:02:58]} {[%emt 00:07:48]} Qa5 {[%clk
01:08:35]} {[%emt 00:12:44]} 14. Rfd1 {[%clk 01:00:27]} {[%emt 00:03:01]} Qh5
{[%clk 01:06:03]} {[%emt 00:03:02]} 15. Nd5 {[%clk 00:56:51]} {[%emt 00:04:06]}
Bxd5 {[%clk 01:04:25]} {[%emt 00:02:08]} 16. cxd5 {[%clk 00:56:02]} {[%emt
00:01:19]} Rfc8 {[%clk 01:02:28]} {[%emt 00:02:26]} 17. Rac1 {[%clk 00:53:08]}
{[%emt 00:03:25]} Qf5 {[%clk 01:01:00]} {[%emt 00:01:58]} 18. Bxf6 {[%clk
00:45:10]} {[%emt 00:08:28]}  1/2-1/2

[Event "2023 Welsh Championship"]
[Site "Cardiff"]
[Date "2023.04.09"]
[Round "5"]
[Board "6"]
[White "Jukes, Sam"]
[Black "Hatchett, Paul"]
[Result "1-0"]
[WhiteElo "1900"]
[BlackElo "1967"]
[PlyCount "0"]
[EventDate "2023.04.07"]
[EventRounds "7"]
[EventCountry "WLS"]

1. e4 {[%clk 01:30:56]} {[%emt 00:00:03]} c5 {[%clk 01:30:46]} {[%emt
00:00:14]} 2. Nf3 {[%clk 01:31:20]} {[%emt 00:00:06]} d6 {[%clk 01:31:10]}
{[%emt 00:00:06]} 3. d4 {[%clk 01:31:43]} {[%emt 00:00:08]} cxd4 {[%clk
01:31:32]} {[%emt 00:00:08]} 4. Qxd4 {[%clk 01:32:08]} {[%emt 00:00:06]} Nc6
{[%clk 01:30:13]} {[%emt 00:01:48]} 5. Bb5 {[%clk 01:32:32]} {[%emt 00:00:06]}
Bd7 {[%clk 01:30:14]} {[%emt 00:00:28]} 6. Bxc6 {[%clk 01:32:54]} {[%emt
00:00:08]} Bxc6 {[%clk 01:30:39]} {[%emt 00:00:05]} 7. Nc3 {[%clk 01:33:16]}
{[%emt 00:00:08]} Nf6 {[%clk 01:30:36]} {[%emt 00:00:32]} 8. Bg5 {[%clk
01:33:27]} {[%emt 00:00:20]} e6 {[%clk 01:30:02]} {[%emt 00:01:04]} 9. O-O-O
{[%clk 01:33:37]} {[%emt 00:00:21]} Be7 {[%clk 01:30:25]} {[%emt 00:00:07]} 10.
Rhe1 {[%clk 01:33:25]} {[%emt 00:00:41]} O-O {[%clk 01:30:21]} {[%emt
00:00:34]} 11. Kb1 {[%clk 01:33:20]} {[%emt 00:00:35]} h6 {[%clk 01:25:55]}
{[%emt 00:04:55]} 12. Bc1 {[%clk 01:24:51]} {[%emt 00:08:59]} b5 {[%clk
01:21:17]} {[%emt 00:05:09]} 13. Qd3 {[%clk 01:21:35]} {[%emt 00:03:46]} b4
{[%clk 01:16:56]} {[%emt 00:04:50]} 14. Nd4 {[%clk 01:20:25]} {[%emt 00:01:41]}
Qb6 {[%clk 01:16:30]} {[%emt 00:00:56]} 15. Nxc6 {[%clk 01:14:34]} {[%emt
00:06:21]} Qxc6 {[%clk 01:16:52]} {[%emt 00:00:08]} 16. Nb5 {[%clk 01:14:32]}
{[%emt 00:00:32]} e5 {[%clk 01:09:26]} {[%emt 00:07:56]} 17. Nxd6 {[%clk
01:13:10]} {[%emt 00:01:51]} Rfd8 {[%clk 01:09:34]} {[%emt 00:00:22]} 18. Nf5
{[%clk 01:12:58]} {[%emt 00:00:43]} Bc5 {[%clk 01:03:50]} {[%emt 00:06:14]} 19.
Qg3 {[%clk 01:08:57]} {[%emt 00:04:30]} Nh5 {[%clk 01:02:57]} {[%emt 00:01:23]}
20. Qxe5 {[%clk 01:08:35]} {[%emt 00:00:52]} Nf6 {[%clk 00:41:51]} {[%emt
00:21:36]} 21. f3 {[%clk 01:04:33]} {[%emt 00:04:32]} Kh7 {[%clk 00:39:22]}
{[%emt 00:02:59]} 22. Be3 {[%clk 00:52:44]} {[%emt 00:12:18]} Bf8 {[%clk
00:35:52]} {[%emt 00:03:59]} 23. Bd4 {[%clk 00:48:14]} {[%emt 00:05:01]} Rac8
{[%clk 00:34:11]} {[%emt 00:02:11]} 24. Ne3 {[%clk 00:47:40]} {[%emt 00:01:04]}
Rd6 {[%clk 00:30:52]} {[%emt 00:03:48]} 25. Qa5 {[%clk 00:38:41]} {[%emt
00:09:28]} Nd7 {[%clk 00:26:31]} {[%emt 00:04:51]} 26. e5 {[%clk 00:33:20]}
{[%emt 00:05:52]} Rg6 {[%clk 00:23:13]} {[%emt 00:03:47]} 27. c3 {[%clk
00:27:31]} {[%emt 00:06:20]} bxc3 {[%clk 00:22:25]} {[%emt 00:01:19]} 28. Qxc3
{[%clk 00:26:06]} {[%emt 00:01:54]} Qa6 {[%clk 00:22:01]} {[%emt 00:00:54]} 29.
Qd3 {[%clk 00:25:58]} {[%emt 00:00:39]} Qb7 {[%clk 00:22:22]} {[%emt 00:00:09]}
30. f4 {[%clk 00:24:53]} {[%emt 00:01:35]} Kg8 {[%clk 00:22:10]} {[%emt
00:00:42]} 31. g3 {[%clk 00:22:17]} {[%emt 00:03:07]} Ra6 {[%clk 00:22:28]}
{[%emt 00:00:11]} 32. Re2 {[%clk 00:20:53]} {[%emt 00:01:53]} Ra4 {[%clk
00:20:56]} {[%emt 00:02:03]} 33. b3 {[%clk 00:20:08]} {[%emt 00:01:15]} Rb4
{[%clk 00:17:34]} {[%emt 00:03:51]} 34. Rc2 {[%clk 00:18:12]} {[%emt 00:02:27]}
Rb8 {[%clk 00:15:36]} {[%emt 00:02:29]} 35. Nc4 {[%clk 00:16:26]} {[%emt
00:02:16]} a5 {[%clk 00:11:42]} {[%emt 00:04:24]} 36. Nxa5 {[%clk 00:14:55]}
{[%emt 00:02:01]} Qd5 {[%clk 00:12:08]} {[%emt 00:00:04]} 37. Bc3 {[%clk
00:13:00]} {[%emt 00:02:26]}  1-0